Arctic Monkeys Albums - Statistics

General Stats
  • This quiz has been taken 675 times
  • The average score is 5 of 5
Answer Stats
Year Answer % Correct
2013 AM
99%
2009 Humbug
95%
2011 Suck it and See
94%
2007 Favourite Worst Nightmare
92%
2006 Whatever People Say I Am, That's What I'm Not
88%
No matching quizzes found
Score Distribution
Percent of People with Each Score
Percentile by Number Answered
Your Score History
You have not taken this quiz